000 00447nam a2200181Ia 4500
008 151018s9999 xx 000 0 und d
082 _bRBASDV30747
_a624
100 _aNavkala Roy
245 _aThe Ship: How it work
250 _b4
260 _bChildren Books Trust
_c1998
300 _a24
600 _aNavkala Roy
630 _aThe Ship: How it work
700 _aNavkala Roy
730 _aThe Ship: How it work
942 _cBOOK
999 _c1030287
_d1030284